Effect of weeds control techniques on IR66 in Early wet season in chumkiri district, kampot province,(ឥទ្ធិពលបច្ចេកទេសគ្រប់គ្រងស្មៅទៅលើពូជស្រូវអ៊ីអ៊ែរ​ ៦៦ ក្នុងលក្ខខណ្ឌដើមរដូវវស្សា នៅស្រុកជុំគីរី ខេត្តកំពត) (Record no. 1167)

000 -LEADER
fixed length control field 00770nam a22001577a 4500
003 - CONTROL NUMBER IDENTIFIER
control field OSt
005 - DATE AND TIME OF LATEST TRANSACTION
control field 20150923164217.0
008 - FIXED-LENGTH DATA ELEMENTS--GENERAL INFORMATION
fixed length control field 150923b xxu||||| |||| 00| 0 eng d
040 ## - CATALOGING SOURCE
Transcribing agency RUA
082 ## - DEWEY DECIMAL CLASSIFICATION NUMBER
Classification number AGR LIM 2011 B048 Or.1
100 ## - MAIN ENTRY--PERSONAL NAME
9 (RLIN) 1223
Personal name LIM SREYMOM
245 ## - TITLE STATEMENT
Title Effect of weeds control techniques on IR66 in Early wet season in chumkiri district, kampot province,(ឥទ្ធិពលបច្ចេកទេសគ្រប់គ្រងស្មៅទៅលើពូជស្រូវអ៊ីអ៊ែរ​ ៦៦ ក្នុងលក្ខខណ្ឌដើមរដូវវស្សា នៅស្រុកជុំគីរី ខេត្តកំពត)
260 ## - PUBLICATION, DISTRIBUTION, ETC. (IMPRINT)
Place of publication, distribution, etc. phnom penh
Name of publisher, distributor, etc. RUA
Date of publication, distribution, etc. 2011
300 ## - PHYSICAL DESCRIPTION
Extent xi, 48p.
Dimensions ill.
Size of unit 29cm.
942 ## - ADDED ENTRY ELEMENTS (KOHA)
Source of classification or shelving scheme
Koha item type AGR
Holdings
Price effective from Date last seen Permanent Location Not for loan Date acquired Source of classification or shelving scheme Koha item type Barcode Lost status Damaged status Shelving location Withdrawn status Current Location Full call number
2015-09-232015-09-23Library Block B 2015-09-23 AGRRUA000876  B048 Library Block BAGR LIM 2011 B048 Or.1
2015-09-232015-09-23Library Block B 2015-09-23 AGRRUA000953  B048 Library Block BAGR LIM 2011 B048 Or.2
2015-09-232015-09-23Library Block B 2015-09-23 AGRRUA000871  B048 Library Block BAGR LIM 2011 B048 Or.3
មជ្ឈមណ្ឌលឯការនៃសាកលវិទ្យាល័យភូមិន្ទកសិកម្មចំការដូង

Powered by Koha